书目信息 |
| 题名: |
物理学史与技术史
|
|
| 作者: | 库德里亚夫采夫 , 康费杰拉托夫 著 ;梁士元 译 | |
| 分册: | ||
| 出版信息: | 哈尔滨 黑龙江教育出版社 1985.9 |
|
| 页数: | 663页 | |
| 开本: | 20cm | |
| 丛书名: | ||
| 单 册: | ||
| 中图分类: | O4-09 | |
| 科图分类: | ||
| 主题词: | 物理学 | |
| 电子资源: | ||
| ISBN: | ||
| 000 | 00705nam0 2200229 45 | |
| 001 | 0312221749 | |
| 005 | 20040908155135.4 | |
| 010 | @dCNY5.25 | |
| 091 | @a13357.1 | |
| 100 | @a20031222d1985 km y0chiy0120 ea | |
| 101 | @achi@crus | |
| 105 | @aa z 000yy | |
| 200 | 1 | @a物理学史与技术史@AWu Li Xue Shi Yu Ji Shu Shi@f(苏)II·C·库德里亚夫采夫,康费杰拉托夫著@F(Su)II·C·Ku De Li Ya Fu Cai Fu,Kang Fei Jie La Tuo Fu Zhu@g梁士元等译 |
| 210 | @a哈尔滨@c黑龙江教育出版社@d1985.9 | |
| 215 | @a663页@d20cm | |
| 606 | 0 | @a物理学 |
| 690 | @aO4-09@v3 | |
| 701 | 0 | @a库德里亚夫采夫@4著 |
| 701 | 0 | @a康费杰拉托夫@4著 |
| 702 | 0 | @a梁士元@4译 |
| 801 | @aCN@bTSTCL@c20031222 | |
| 905 | @dO4-09@e167@f1@b170500 | |
| 物理学史与技术史/(苏)II·C·库德里亚夫采夫,康费杰拉托夫著/梁士元等译.-哈尔滨:黑龙江教育出版社,1985.9 |
| 663页;20cm |
| ISBN :CNY5.25 |
| ● |
| 相关链接 |
|
|
|
|
正题名:物理学史与技术史
索取号:O4-09/167
 
预约/预借
| 序号 | 登录号 | 条形码 | 馆藏地/架位号 | 状态 | 备注 |
| 1 | 0170499 | 001948174 | 第三借阅区/ [索取号:O4-09/167] | 在馆 | |
| 2 | 0170500 | 001950428 | 第三借阅区/ [索取号:O4-09/167] | 在馆 | |
| 3 | 0170501 | 000395067 | 第二样本阅览室/ [索取号:O4-09/167] | 在馆 |